Les noms japonais des mangas - Statistiques

Statistiques générales
  • Ce quiz a été pris 2 155 fois
    2 141 depuis la dernière actualisation
  • Le résultat moyen est 8 sur 20
Statistiques - réponses
Noms japonais Noms francophones % Correct
Shingeki no Kyojin L'attaque des titans
94%
Kimetsu no Yaiba Demon Slayer
88%
Captain Tsubasa Olive et Tom
77%
Shokugeki no Soma Food Wars
72%
Saint Seiya Les Chevaliers du Zodiaque
68%
Meitantei Konan Détective Conan
48%
Owari no Serafu Seraph of the end
40%
Kuroshitsuji Black Butler
36%
Enen no Shobotai Fire Force
33%
Yakusoku no Nebarando The Promised Neverland
33%
Ansatsu Kyoshitsu Assassination Classroom
32%
Wanpanman One Punch Man
31%
Kiseiju Parasite
27%
Ojamajo Doremi Magical Doremi
25%
Osama Gemu King's Game
13%
Ore Monogatari Mon Histoire
11%
Houseki no Kuni L'ère des cristaux
8%
Urusei Yatsura Lamu
7%
Hataraku Saibo Les Brigades Immunitaires
6%
Atakka Yu Jeanne et Serge
5%
Aucun quiz correspondant
Distribution des résultats
% des personnes avec chaque résultat
Percentile par nombre de réponses
Votre historique - résultats
Vous n’avez pas pris ce quiz depuis la dernière actualisation